| 000 -ლიდერი |
| ფიქსირებული სიგრძის საკონტროლო ველი |
01269nam a2200253Ia 4500 |
| 001 - საკონტროლო ნომერი |
| საკონტროლო ველი |
17931 |
| 003 - საკონტროლო ნომრის იდენტიფიკატორი |
| საკონტროლო ველი |
GE_BSU |
| 005 - ბოლო ოპერაციის თარიღი და დრო |
| საკონტროლო ველი |
20200228151757.0 |
| 008 - ფიქსირებული სიგრძის მონაცემთა ელემენტები - ზოგადი ინფორმაცია |
| ფიქსირებული სიგრძის საკონტროლო ველი |
181216s2015 xx |||||||||||||| ||geo|| |
| 040 ## - კატალოგიზაციის წყარო |
| Transcribing agency |
GE_BSU |
| 041 ## - ენის კოდი |
| Language code of text/sound track or separate title |
geo |
| 080 ## - უნივერსალური ათობითი კლასიფიკაციის ინდექსი |
| Universal Decimal Classification number |
321(479.22)(09)+34(479.22)(09) ლ-77 |
| 100 ## - მთავარი ჩანაწერი - პიროვნების სახელი |
| Personal name |
ლობჟანიძე, გივი. |
| 9 (RLIN) |
4775 |
| 245 ## - ცნობა სათაურის შესახებ |
| Title |
ქართული სახელმწიფოსა და სამართლის ისტორია / |
| Statement of responsibility, etc |
გივი ლობჟანიძე ; რედ : როინ მეტრეველი ; გიორგი ნადარეიშვილი. |
| 250 ## - გამოცემის ცნობა |
| Edition statement |
მეორე გამოცემა. |
| 264 ## - წარმოების, გამოცემის, დისტრიბუციის და სხვა ცნობები |
| გამოცემის, წარმოების, დისტრიბუციის... ადგილი |
თბილისი : |
| გამოცემის, წარმოების, დისტრიბუციის... სახელწოდება |
ბონა კაუზა, |
| გამოცემის, წარმოების, დისტრიბუციის... თარიღი |
2015. |
| 300 ## - ფიზიკური აღწერა |
| Extent |
494 გვ.: |
| Dimensions |
21 სმ. |
| 520 ## - SUMMARY, ETC. |
| Summary, etc |
რეზიუმე გვ.495-496 |
| 653 ## - INDEX TERM--UNCONTROLLED |
| Uncontrolled term |
სამართალი |
| 653 ## - INDEX TERM--UNCONTROLLED |
| Uncontrolled term |
ქართული სახელმწიფოსა და სამართლის ისტორია |
| 700 ## - ADDED ENTRY--PERSONAL NAME |
| Personal name |
მეტრეველი, როინ |
| Relator term |
რედაქტორი |
| 9 (RLIN) |
7640 |
| 700 ## - ADDED ENTRY--PERSONAL NAME |
| Personal name |
ნადარეიშვილი, გიორგი |
| Relator term |
რედაქტორი |
| 9 (RLIN) |
7641 |
| 942 ## - ADDED ENTRY ELEMENTS (KOHA) |
| Koha item type |
წიგნი |
| Source of classification or shelving scheme |
|